Multiple Choice City Quiz – Shusha - Statistics

General Stats
  • This quiz has been taken 8 times
  • The average score is 4 of 10
Answer Stats
Question Answer % Correct
In which year was Shusha founded? 1750
83%
Which foreign country lies closest to Shusha? Armenia
67%
What historical khanate was Shusha the capital of? Karabakh Khanate
50%
Which one of these people was born in Shusha? Khurshidbanu Natavan
50%
Who founded the city of Shusha? Panah Ali Khan
50%
What sport is Jidir Plain known for? Horse racing
33%
What musical genre is closely associated with Shusha? Mugham
33%
Which treaty resulted in Shusha becoming part of the Russian Empire? Treaty of Gulistan
33%
When was Shusha liberated by Azerbaijani forces during the Second Karabakh War? 2020
17%
What is the official name of the Fuzuli–Shusha Highway? Victory Road
17%
No matching quizzes found
Score Distribution
Percent of People with Each Score
Percentile by Number Answered
Your Score History
You have not taken this quiz